000
00401nam a22001097a 4500
008
110713t xxu||||| |||| 00| 0 eng d
010
_a
HCDCF-132
245
_a
High Court Divorce Cause No.8 of 1998 Joy Kigundu Vs Horace Awori.
260
_c
1998
500
_a
Before: The Hon. Lady Justice C.A. Okello.
999
_c
4713
_d
4713